Laddar...

Lajja

Bibliografiska uppgifter
Huvudupphovsman: Taslima Nasreen
Materialtyp: Printed Book
Publicerad: New Delhi, Vani Prakasan 1994
Ämnen:
LEADER 004880000a22001690004500
020 |a 81-7055-324-5 
082 |a 891.433 TAL/L N4 
100 |a Taslima Nasreen 
245 |a Lajja 
260 |a New Delhi, Vani Prakasan 
260 |c 1994 
650 |a Hindi literature 
650 |a Novel 
650 |a Taslima Nasreen 
942 |c BK 
999 |c 134821  |d 134817 
952 |0 0  |1 0  |4 0  |6 891_433000000000000_TAL_L_N4  |7 0  |9 133729  |a SCP  |b SCP  |d 2014-02-11  |l 0  |o 891.433 TAL/L N4  |p SCP04164  |r 2014-02-11  |w 2014-02-11  |y BK